[Event "IECG CN.2001.0.00269"]
[Site "IECG email"]
[Date "2001.11.22"]
[Round "?"]
[White "Korhonen, Paul"]
[Black "Gibbons, Jason"]
[Result "0-1"]
[WhiteElo "529"]
[BlackElo "800"]
[PlyCount "50"]
[EventDate "2001.11.22"]
[EventType "tourn (corr)"]
[EventRounds "6"]
[SourceTitle "Corr 2008"]
[Source "ChessBase"]
[SourceDate "2008.06.24"]
[SourceVersion "1"]
[SourceVersionDate "2008.06.24"]
[SourceQuality "1"]

1. e4 c5 2. Nf3 Nc6 3. d4 cxd4 4. Nxd4 d6 5. Nc3 g6 6. Bb5 Bd7 7. a4 Bg7 8. Be3 Nf6 9. f3 0-0 10. 0-0 a6 11. Be2 Qb6 12. Nxc6 Qxe3+ 13. Kh1 Bxc6 14. Re1 Qg5 15. Bc4 Nh5 16. Ne2 Bxb2 17. Ra2 Be5 18. g3 Rac8 19. Bd5 Qh6 20. Rg1 e6 21. Bxc6 Rxc6 22. f4 Bg7 23. Qd3 Nf6 24. Rb2 Ng4 25. h4 Nf2+ 0-1